[Event "21st World Senior Chess Championship - w"]
[Site "Rijeka"]
[Date "2011.11.17"]
[Round "3.6"]
[White "Dotan, Valeria"]
[Black "Fomina, Tatyana"]
[Result "1/2-1/2"]
[WhiteElo "2083"]
[BlackElo "2215"]
[PlyCount "101"]
[EventDate "2011.11.17"]

1. d4 d5 2. Nf3 Nc6 3. Bf4 Bf5 4. e3 e6 5. a3 Bd6 6. Bg5 Nge7 7. c4 f6 8. Bh4
Ng6 9. Bg3 Nce7 10. Nc3 c6 11. Rc1 O-O 12. Be2 Bg4 13. Bxd6 Qxd6 14. cxd5 exd5
15. O-O f5 16. b4 Bxf3 17. Bxf3 Nh4 18. g3 Nxf3+ 19. Qxf3 a5 20. Qf4 Qd7 21.
Na4 Ng6 22. Qf3 Qd6 23. Nc5 axb4 24. axb4 Rf7 25. Ra1 Raf8 26. Qe2 h6 27. Ra7
b6 28. Rxf7 Rxf7 29. Nd3 Ra7 30. Rc1 Ra3 31. Qc2 Kh7 32. h3 b5 33. Nc5 Ne7 34.
Qb2 Ra7 35. Nd3 Qb8 36. Ra1 Qa8 37. Rxa7 Qxa7 38. Ne5 Qa4 39. Qc3 Qa7 40. Kg2
g6 41. Qc2 Kg7 42. g4 Kf6 43. gxf5 gxf5 44. Qd1 Ng6 45. Nxg6 Kxg6 46. Qf3 Qe7
47. Qg3+ Kf7 48. Qf4 Kg6 49. Qg3+ Kf7 50. Qf4 Kg6 51. Qg3+ 1/2-1/2

[Event "21st World Senior Chess Championship - w"]
[Site "Rijeka"]
[Date "2011.11.17"]
[Round "3.7"]
[White "Bilunova, Rimma I"]
[Black "Kabanova, Irina"]
[Result "1-0"]
[WhiteElo "2151"]
[BlackElo "1959"]
[PlyCount "111"]
[EventDate "2011.11.17"]

1. e4 c5 2. Nf3 e6 3. d4 cxd4 4. Nxd4 a6 5. c4 Nf6 6. Bd3 Qc7 7. O-O Nc6 8. Nf3
h6 9. Nc3 Be7 10. h3 d6 11. Be3 b6 12. Rc1 O-O 13. Nd5 exd5 14. cxd5 Bd7 15.
dxc6 Be6 16. a3 b5 17. Qe2 Ne8 18. Nd4 Qc8 19. f4 f5 20. Nxe6 Qxe6 21. exf5 Qf6
22. Bb6 Rc8 23. Rfe1 Bd8 24. Bxd8 Qxd8 25. Qe6+ Kh8 26. Qe3 Nf6 27. Qd4 Re8 28.
Re6 d5 29. a4 Qa5 30. axb5 axb5 31. b4 Qc7 32. Bxb5 Rxe6 33. fxe6 Qd6 34. f5
Ne8 35. Ba4 Ra8 36. b5 Qg3 37. Rf1 Qa3 38. Bc2 Qd6 39. Bd3 Ra2 40. Rf2 Rxf2 41.
Kxf2 Nf6 42. Qe3 d4 43. Qg3 Qc5 44. Qf3 Nd5 45. h4 Qd6 46. g3 Qc5 47. Kg2 Qd6
48. Kh3 Qc5 49. Qh5 Nf6 50. Qe2 Nd5 51. Qe5 Qc3 52. Be4 Nf6 53. e7 Ne8 54. f6
Qc4 55. fxg7+ Kg8 56. Bd5+ 1-0

[Event "21st World Senior Chess Championship - w"]
[Site "Rijeka"]
[Date "2011.11.17"]
[Round "3.8"]
[White "Kozlovskaya, Valentina"]
[Black "Komysheva, Margarita"]
[Result "1-0"]
[WhiteElo "2281"]
[BlackElo "2081"]
[PlyCount "61"]
[EventDate "2011.11.17"]

1. e4 c5 2. Nc3 Nc6 3. g3 g6 4. Bg2 Bg7 5. f4 e6 6. Nf3 d6 7. d3 Nge7 8. O-O
O-O 9. Ne2 b5 10. c3 d5 11. g4 Rb8 12. Ng3 Kh8 13. e5 a5 14. d4 cxd4 15. cxd4
Ba6 16. Rf2 b4 17. b3 Qb6 18. Be3 Rfc8 19. Rc2 Rc7 20. Rac1 Rbc8 21. Qd2 Na7
22. Rxc7 Rxc7 23. Rxc7 Qxc7 24. h4 Ng8 25. h5 Nh6 26. Bh3 f5 27. exf6 Bf8 28.
hxg6 hxg6 29. Ne5 Kh7 30. g5 Nf7 31. Bxe6 1-0

[Event "21st World Senior Chess Championship - w"]
[Site "Rijeka"]
[Date "2011.11.17"]
[Round "3.9"]
[White "Khropova, Larisa"]
[Black "Titorenko, Natalia I"]
[Result "1/2-1/2"]
[WhiteElo "2069"]
[BlackElo "2143"]
[PlyCount "107"]
[EventDate "2011.11.17"]

1. d4 Nf6 2. c4 d6 3. Nc3 Nbd7 4. e4 e5 5. Nf3 Be7 6. Be2 O-O 7. O-O c6 8. h3
a6 9. Be3 Re8 10. Qc2 Bf8 11. Rfd1 Qc7 12. d5 c5 13. Kh2 g6 14. Rdb1 Bg7 15. a3
b6 16. g4 h6 17. g5 hxg5 18. Nxg5 Nh7 19. Rg1 Nxg5 20. Bxg5 Kh7 21. Rg3 Rh8 22.
Rag1 Kg8 23. Qd3 Nf6 24. Kg2 Nh5 25. Bxh5 Rxh5 26. Kf1 Bd7 27. Qf3 Rh7 28. h4
Kf8 29. Bf6 Be8 30. h5 Bxf6 31. Qxf6 Qd8 32. Rxg6 Qxf6 33. Rxf6 Ke7 34. Rf5 Bd7
35. Rfg5 Rah8 36. a4 Rxh5 37. Rxh5 Rxh5 38. Rg8 Be8 39. Kg2 f6 40. Rg7+ Bf7 41.
Ne2 Rh4 42. f3 Kf8 43. Ng3 Kxg7 44. Nf5+ Kf8 45. Nxh4 Be8 46. b3 Bd7 47. Kg3
Kg7 48. Ng2 f5 49. exf5 Bxf5 50. Ne3 Kf6 51. Kh4 Kg6 52. Kg3 Kg5 53. Kf2 Bd3
54. Kg3 1/2-1/2

[Event "21st World Senior Chess Championship - w"]
[Site "Rijeka"]
[Date "2011.11.17"]
[Round "3.10"]
[White "Shushpanova, Nina"]
[Black "Mira, Helene"]
[Result "1/2-1/2"]
[WhiteElo "1946"]
[BlackElo "2098"]
[PlyCount "96"]
[EventDate "2011.11.17"]

1. e4 e5 2. Nf3 Nc6 3. Bb5 a6 4. Ba4 Nf6 5. O-O Be7 6. Bxc6 dxc6 7. d3 Bg4 8.
h3 Bxf3 9. Qxf3 O-O 10. Nd2 Nd7 11. Nc4 f6 12. Qg4 Rf7 13. Be3 Bd6 14. Rad1 Qe7
15. Nxd6 cxd6 16. d4 Re8 17. d5 c5 18. c4 b5 19. cxb5 axb5 20. Qe2 Rb8 21. b3
b4 22. Ra1 f5 23. exf5 Rxf5 24. a4 bxa3 25. Rxa3 Rff8 26. Rfa1 Rb7 27. Qa6 Rfb8
28. Qc6 Rb6 29. Qc7 R6b7 30. Qc6 Nb6 31. Ra6 Rc8 32. Rxb6 Rxc6 33. Rxc6 Rd7 34.
Raa6 h6 35. Rab6 Kf7 36. b4 cxb4 37. Rxb4 Qd8 38. Rbb6 Ke7 39. Bd2 Qg8 40. Bb4
Qxd5 41. Rxd6 Rxd6 42. Rxd6 Qb3 43. Rb6+ Kf7 44. Bc5 Qc3 45. Be3 Qa5 46. Kh2
Qd5 47. Kg1 Qe4 48. Kh2 Qd5 1/2-1/2

[Event "21st World Senior Chess Championship - w"]
[Site "Rijeka"]
[Date "2011.11.17"]
[Round "3.12"]
[White "Abolina, Arija-Solveiga"]
[Black "Lopatin, Olga"]
[Result "0-1"]
[WhiteElo "1924"]
[BlackElo "2091"]
[PlyCount "32"]
[EventDate "2011.11.17"]

1. c4 c5 2. Nc3 Nc6 3. Nf3 e6 4. d4 cxd4 5. Nxd4 Nf6 6. Nxc6 bxc6 7. Qc2 Be7 8.
g3 d5 9. e3 O-O 10. b3 Ba6 11. Bg2 dxc4 12. bxc4 Bxc4 13. Bxc6 Rc8 14. Ba4 Nd5
15. Bb2 Nb4 16. Qd2 Nd3+ 0-1

[Event "21st World Senior Chess Championship - w"]
[Site "Rijeka"]
[Date "2011.11.17"]
[Round "3.16"]
[White "Lein, Marina"]
[Black "Blagonadezhnaya, Ideya"]
[Result "1/2-1/2"]
[WhiteElo "1890"]
[BlackElo "1898"]
[PlyCount "34"]
[EventDate "2011.11.17"]

1. c4 g6 2. g3 Bg7 3. Bg2 Nf6 4. Nc3 O-O 5. Nf3 d6 6. O-O e5 7. d3 Nc6 8. Rb1
Nd4 9. Re1 Nxf3+ 10. Bxf3 c6 11. e3 Be6 12. Bd2 Qd7 13. Bg2 Bh3 14. Bxh3 Qxh3
15. Qf3 Ng4 16. Qg2 Qxg2+ 17. Kxg2 f5 1/2-1/2

[Event "21st World Senior Chess Championship"]
[Site "Rijeka"]
[Date "2011.11.18"]
[Round "4.1"]
[White "Rashkovsky, Nukhim N"]
[Black "Okhotnik, Vladimir"]
[Result "1-0"]
[WhiteElo "2517"]
[BlackElo "2427"]
[PlyCount "119"]
[EventDate "2011.11.18"]

1. d4 g6 2. Nf3 Bg7 3. g3 d6 4. Bg2 Nd7 5. e4 e5 6. O-O exd4 7. Nxd4 Ne7 8. Nc3
Nc6 9. Nde2 O-O 10. h3 a5 11. Be3 a4 12. b3 axb3 13. cxb3 Nc5 14. Qd2 Bd7 15.
Rad1 b6 16. Nd5 Ra7 17. Nec3 Ne7 18. b4 Nxd5 19. Nxd5 Ne6 20. f4 f5 21. e5 dxe5
22. fxe5 Bxe5 23. Nf4 Bxf4 24. Bxf4 c6 25. Be5 Qg5 26. Qf2 Rf7 27. Rd6 f4 28.
gxf4 Qf5 29. b5 cxb5 30. Bd5 Qxh3 31. Qf3 Qf5 32. Rxb6 Ra4 33. Rb8+ Rf8 34. Rb7
Rf7 35. Bb3 Rc4 36. Bxc4 bxc4 37. Rb8+ Nf8 38. Bd6 Qe6 39. Rxf8+ Rxf8 40. Bxf8
Kxf8 41. f5 gxf5 42. Qc3 Qb6+ 43. Rf2 Qb1+ 44. Kh2 Qb8+ 45. Qg3 Qxg3+ 46. Kxg3
Ke7 47. Kf4 h5 48. Ke5 Kf7 49. Rd2 Ke7 50. Rh2 Be8 51. a3 Ba4 52. Rxh5 Bc2 53.
Rh7+ Ke8 54. Rc7 Bd3 55. a4 Kd8 56. Rc5 Kd7 57. a5 Bf1 58. a6 f4 59. a7 Bg2 60.
Rd5+ 1-0

[Event "21st World Senior Chess Championship"]
[Site "Rijeka"]
[Date "2011.11.18"]
[Round "4.3"]
[White "Komljenovic, Davorin"]
[Black "Van Riemsdijk, Herman C"]
[Result "1-0"]
[WhiteElo "2451"]
[BlackElo "2404"]
[PlyCount "63"]
[EventDate "2011.11.18"]

1. d4 Nf6 2. c4 e6 3. Nc3 Bb4 4. Qc2 c5 5. dxc5 Na6 6. a3 Bxc3+ 7. Qxc3 Nxc5 8.
b4 Nce4 9. Qd4 d5 10. cxd5 Qxd5 11. Qxd5 exd5 12. Bb2 Ke7 13. Nf3 Be6 14. g3
Rhc8 15. Nd4 Nc3 16. Bg2 Rc4 17. e3 Na4 18. Nxe6 fxe6 19. Bd4 Rac8 20. O-O g6
21. Rfe1 Rc2 22. Bf1 Nc3 23. Bxa7 Ng4 24. Bc5+ Kf7 25. Rac1 Rxc1 26. Rxc1 Ne4
27. f3 b6 28. fxe4 bxc5 29. exd5 exd5 30. Bh3 h5 31. Bxg4 hxg4 32. Rxc5 1-0

[Event "21st World Senior Chess Championship"]
[Site "Rijeka"]
[Date "2011.11.18"]
[Round "4.4"]
[White "Kuyindzhi, Alexander A"]
[Black "Chernov, Evgen"]
[Result "1-0"]
[WhiteElo "2435"]
[BlackElo "2311"]
[PlyCount "101"]
[EventDate "2011.11.18"]

1. e4 c5 2. c3 d6 3. d4 Nf6 4. dxc5 Nc6 5. Qc2 dxc5 6. Bb5 Qc7 7. Ne2 Bd7 8. a4
a6 9. Bc4 Na5 10. Ba2 c4 11. O-O Ng4 12. g3 h5 13. h4 e5 14. Kg2 Qb6 15. Ng1
Bc5 16. Qe2 Nb3 17. Bxb3 cxb3 18. Nd2 a5 19. Nc4 Qa6 20. Nd2 Qe6 21. Nc4 Qa6
22. Nd2 Be6 23. Qxa6 Rxa6 24. Nh3 f6 25. Re1 Nh6 26. f3 Nf7 27. Nf2 g5 28. Nd3
Ba7 29. hxg5 fxg5 30. Nf1 Rd6 31. Nf2 Ke7 32. Rd1 g4 33. Rxd6 Nxd6 34. Bg5+ Kf7
35. Be3 Bb8 36. fxg4 hxg4 37. Nd2 Bc7 38. Rd1 b5 39. axb5 Nxb5 40. Nd3 a4 41.
Rf1+ Kg6 42. Nc5 Bf7 43. Nxa4 Ra8 44. Nc5 Ra2 45. Nd3 Bd6 46. Rf2 Nc7 47. Bc5
Bxc5 48. Nxe5+ Kg7 49. Rxf7+ Kg8 50. Rxc7 Rxb2 51. Nec4 1-0

[Event "21st World Senior Chess Championship"]
[Site "Rijeka"]
[Date "2011.11.18"]
[Round "4.5"]
[White "Vaisser, Anatoly"]
[Black "Karasev, Vladimir I"]
[Result "1-0"]
[WhiteElo "2555"]
[BlackElo "2377"]
[PlyCount "145"]
[EventDate "2011.11.18"]

1. d4 d5 2. c4 dxc4 3. e3 e6 4. Bxc4 Nf6 5. Nf3 a6 6. O-O c5 7. dxc5 Qxd1 8.
Rxd1 Bxc5 9. b3 Nbd7 10. Bb2 b5 11. Be2 Bb7 12. a4 bxa4 13. Rxa4 O-O 14. Nbd2
Be7 15. Rda1 Nc5 16. Ra5 Rfc8 17. Bd4 Nfe4 18. Bc4 Nxd2 19. Nxd2 Bf6 20. Bxf6
gxf6 21. f3 f5 22. Kf2 Rab8 23. Ke2 Kg7 24. Rb1 Ra8 25. h3 h5 26. h4 Kf6 27.
Nf1 Nd7 28. Ng3 Ke7 29. Nxh5 Rh8 30. Nf4 Rag8 31. Kf2 Rxh4 32. Bxa6 Ra8 33.
Rba1 Rxa6 34. Rxa6 Bxa6 35. Rxa6 Rh1 36. b4 Rb1 37. Nd3 e5 38. Ra2 Rb3 39. Ke2
e4 40. Nf4 Nb6 41. Ra6 Rb2+ 42. Kf1 Nc4 43. Nd5+ Kf8 44. f4 Rb3 45. Kf2 Rb2+
46. Kg1 Rb3 47. Rf6 Nxe3 48. Nxe3 Rxe3 49. Rxf5 Rb3 50. b5 e3 51. Kf1 Rb2 52.
g4 Kg7 53. g5 Kg8 54. Ke1 Kg7 55. Kd1 Rd2+ 56. Ke1 Rb2 57. Kd1 Rd2+ 58. Kc1 Rf2
59. Re5 Rxf4 60. Kc2 Rb4 61. Kc3 Rb1 62. Kc4 Kg6 63. Rxe3 Kxg5 64. Rb3 Rc1+ 65.
Kd5 Rd1+ 66. Kc6 f5 67. b6 Rd8 68. b7 Rb8 69. Kc7 Rh8 70. b8=Q Rxb8 71. Rxb8
Kf4 72. Kd6 Ke4 73. Rb4+ 1-0

[Event "21st World Senior Chess Championship"]
[Site "Rijeka"]
[Date "2011.11.18"]
[Round "4.6"]
[White "Filipenko, Alexander V"]
[Black "Kurajica, Bojan"]
[Result "0-1"]
[WhiteElo "2353"]
[BlackElo "2532"]
[PlyCount "92"]
[EventDate "2011.11.18"]

1. e4 c5 2. Nf3 Nc6 3. d4 cxd4 4. Nxd4 Qb6 5. Nb3 Nf6 6. Nc3 e6 7. Qe2 Bb4 8.
Bd2 O-O 9. a3 Be7 10. e5 Ne8 11. O-O-O f6 12. exf6 Nxf6 13. Be3 Qc7 14. g4 a6
15. Bg2 b5 16. g5 Ne8 17. Rd3 Nd6 18. Rxd6 Bxd6 19. Be4 Bf4 20. Qh5 Bxe3+ 21.
fxe3 g6 22. Bxg6 d5 23. Bd3 Ne5 24. Rg1 Nxd3+ 25. cxd3 Qe5 26. Kb1 Qxe3 27. Rg3
Qe5 28. Qh3 Ra7 29. g6 Rg7 30. gxh7+ Kh8 31. Ka2 Rxg3 32. hxg3 Qg7 33. Qh4 e5
34. Nc5 Bf5 35. Qb4 Rc8 36. Nb3 Bxd3 37. Nxd5 Bxh7 38. Qh4 Qg6 39. Nd2 Qe6 40.
Qf6+ Qxf6 41. Nxf6 Bf5 42. g4 Be6+ 43. Kb1 Kg7 44. Nde4 Rc4 45. b3 Rd4 46. Kb2
Bxg4 0-1

[Event "21st World Senior Chess Championship"]
[Site "Rijeka"]
[Date "2011.11.18"]
[Round "4.8"]
[White "Kovacevic, Vlatko"]
[Black "Gruzmann, Boris"]
[Result "1-0"]
[WhiteElo "2482"]
[BlackElo "2268"]
[PlyCount "71"]
[EventDate "2011.11.18"]

1. d4 Nf6 2. Nf3 g6 3. c4 Bg7 4. Nc3 d6 5. Bg5 O-O 6. e3 h6 7. Bh4 g5 8. Bg3
Nh5 9. Be2 c5 10. O-O cxd4 11. Nxd4 Nxg3 12. hxg3 Nc6 13. Qd2 Nxd4 14. exd4 Bf5
15. Rad1 e6 16. g4 Bg6 17. Bd3 Qf6 18. Rfe1 Rad8 19. d5 e5 20. Re3 h5 21. Rf3
Qe7 22. Bxg6 fxg6 23. Ne4 Rf4 24. Qe2 Rdf8 25. Ra3 Rxg4 26. Rxa7 Rgf4 27. Rd3
Qc7 28. Rb3 Rb8 29. g3 Rf5 30. Qd3 g4 31. c5 dxc5 32. Qc4 Bf8 33. d6+ Qf7 34.
Qxc5 Rf3 35. Ng5 Qf5 36. Qd5+ 1-0

[Event "21st World Senior Chess Championship"]
[Site "Rijeka"]
[Date "2011.11.18"]
[Round "4.10"]
[White "Sloth, Jorn"]
[Black "Cebalo, Miso"]
[Result "0-1"]
[WhiteElo "2349"]
[BlackElo "2446"]
[PlyCount "98"]
[EventDate "2011.11.18"]

1. Nf3 c5 2. c4 Nc6 3. Nc3 g6 4. g3 Bg7 5. Bg2 e5 6. d3 Nge7 7. Nd2 d6 8. Nf1
h5 9. h4 a6 10. Ne3 Rb8 11. Ned5 O-O 12. Bg5 f6 13. Bd2 b5 14. b3 Bg4 15. Nxe7+
Nxe7 16. Nd5 Nxd5 17. Bxd5+ Kh7 18. Rc1 Qd7 19. f3 Be6 20. Bxe6 Qxe6 21. e4 f5
22. Kf2 bxc4 23. Rxc4 d5 24. exd5 Qxd5 25. Be3 Rbc8 26. Kg2 Rfd8 27. Rf1 Bf6
28. Qc2 Qxd3 29. Qxd3 Rxd3 30. Rxc5 Rxc5 31. Bxc5 Kg7 32. Rf2 Kf7 33. Rc2 Ke6
34. Bf2 Be7 35. Rc6+ Rd6 36. Rxd6+ Bxd6 37. Kf1 Kd5 38. Ke2 e4 39. Be1 Kd4 40.
Bf2+ Kc3 41. Be1+ Kb2 42. fxe4 fxe4 43. Ke3 Kxa2 44. b4 Kb3 45. Kxe4 Bxb4 46.
Bf2 a5 47. Kf4 Bd2+ 48. Ke5 a4 49. Kf6 a3 0-1

[Event "21st World Senior Chess Championship"]
[Site "Rijeka"]
[Date "2011.11.18"]
[Round "4.11"]
[White "Rujevic, Mirko"]
[Black "Zhelnin, Vladimir V"]
[Result "0-1"]
[WhiteElo "2302"]
[BlackElo "2430"]
[PlyCount "78"]
[EventDate "2011.11.18"]

1. e4 c5 2. Nf3 d6 3. d4 cxd4 4. Nxd4 Nf6 5. Nc3 a6 6. Bg5 e6 7. f4 Nbd7 8. Qf3
Qc7 9. Bd3 Be7 10. O-O-O h6 11. Qh3 Nb6 12. g4 Nxg4 13. Bb5+ Kf8 14. Bxe7+ Qxe7
15. Qxg4 e5 16. Nf5 Bxf5 17. exf5 axb5 18. Rhg1 Rh7 19. Ne4 exf4 20. Rge1 Nc4
21. Nxd6 Qg5 22. Qf3 Nxd6 23. Rxd6 Kg8 24. Qxb7 Rf8 25. Qxb5 Rh8 26. Qd3 Kh7
27. f6+ g6 28. Qd5 Qxd5 29. Rxd5 g5 30. a4 Kg6 31. b4 Rc8 32. Kb2 Rc4 33. c3 f3
34. Rf1 g4 35. a5 h5 36. h4 Rhc8 37. Rd3 Kf5 38. a6 Ke4 39. Rd2 g3 0-1

[Event "21st World Senior Chess Championship"]
[Site "Rijeka"]
[Date "2011.11.18"]
[Round "4.12"]
[White "Wittmann, Walter"]
[Black "Shvedchikov, Anatoli I"]
[Result "1/2-1/2"]
[WhiteElo "2269"]
[BlackElo "2423"]
[PlyCount "43"]
[EventDate "2011.11.18"]

1. e4 e5 2. Nf3 Nf6 3. Nc3 Nc6 4. Bb5 d6 5. d4 exd4 6. Nxd4 Bd7 7. O-O Be7 8.
Bxc6 bxc6 9. Bf4 O-O 10. e5 dxe5 11. Bxe5 Bd6 12. Bxd6 cxd6 13. Qd3 d5 14. Nb3
Qc8 15. Nc5 Bf5 16. Qd2 Qb8 17. b3 Ng4 18. g3 Ne5 19. f4 Nd7 20. Nxd7 Bxd7 21.
Na4 Bf5 22. Rf2 1/2-1/2

[Event "21st World Senior Chess Championship"]
[Site "Rijeka"]
[Date "2011.11.18"]
[Round "4.13"]
[White "Rukavina, Josip"]
[Black "Kolbak, Jens"]
[Result "1-0"]
[WhiteElo "2421"]
[BlackElo "2262"]
[PlyCount "113"]
[EventDate "2011.11.18"]

1. Nf3 Nf6 2. c4 e6 3. g3 d5 4. Bg2 Be7 5. O-O O-O 6. d4 b6 7. Ne5 Bb7 8. Nc3
c6 9. Qa4 a6 10. Qb3 Nfd7 11. Nxd7 Nxd7 12. Bf4 b5 13. cxd5 cxd5 14. a4 b4 15.
a5 Ra7 16. Na4 Qxa5 17. Rfc1 Rc8 18. Rxc8+ Bxc8 19. Rc1 Qd8 20. Qc2 Bb7 21. Qc7
g5 22. Bd2 a5 23. f4 Nf8 24. Qxd8 Bxd8 25. fxg5 Ba6 26. e4 dxe4 27. Bxe4 Bb5
28. Bc6 Bxc6 29. Rxc6 Rd7 30. Be3 Ng6 31. Nc5 Rd5 32. Ne4 Kg7 33. Ra6 Nf8 34.
Kf2 Nd7 35. Ke2 Nb8 36. Rd6 Be7 37. Rb6 Nd7 38. Rb7 Kg6 39. h4 f5 40. Nf2 Kf7
41. Nd3 Ke8 42. h5 e5 43. Ra7 exd4 44. Bf4 Nf8 45. Ra6 Kf7 46. Ne5+ Kg8 47. Kd3
b3 48. Nc6 Bb4 49. Rb6 Rd7 50. Rb8 Bc5 51. Nxa5 Kf7 52. Nc4 Ke6 53. Rxb3 Ra7
54. Rb5 Nd7 55. b4 Kd5 56. Bd6 Ra1 57. bxc5 1-0

[Event "21st World Senior Chess Championship"]
[Site "Rijeka"]
[Date "2011.11.18"]
[Round "4.15"]
[White "Rajkovic, Dusan"]
[Black "Samartsev, Alexander"]
[Result "1-0"]
[WhiteElo "2416"]
[BlackElo "2226"]
[PlyCount "21"]
[EventDate "2011.11.18"]

1. d4 d5 2. c4 c6 3. Nf3 g6 4. Nc3 Bg7 5. Bf4 Nf6 6. e3 O-O 7. Rc1 Re8 8. h3
Nbd7 9. cxd5 Nxd5 10. Nxd5 cxd5 11. Bc7 1-0

[Event "21st World Senior Chess Championship"]
[Site "Rijeka"]
[Date "2011.11.18"]
[Round "4.16"]
[White "Pushkov, Nikolai"]
[Black "Srebrnic, Vojko"]
[Result "1-0"]
[WhiteElo "2395"]
[BlackElo "2261"]
[PlyCount "83"]
[EventDate "2011.11.18"]

1. d4 Nf6 2. Nf3 g6 3. c4 d6 4. Nc3 Bg7 5. g3 O-O 6. Bg2 c6 7. O-O Qa5 8. e4 e5
9. d5 cxd5 10. cxd5 Bd7 11. Rb1 Rc8 12. Bd2 Qd8 13. Ne1 a5 14. Nd3 Na6 15. a3
Nc5 16. Nxc5 Rxc5 17. Be3 Rcc8 18. Qb3 b5 19. Nxb5 Rab8 20. a4 Ng4 21. Bd2 Qb6
22. h3 Bh6 23. Bxh6 Nxh6 24. Qa3 Bxb5 25. axb5 Rc5 26. b4 axb4 27. Rxb4 Kg7 28.
Re1 Ng8 29. Bf1 Nf6 30. Ra4 Rc2 31. Qe3 Nd7 32. Ra6 Qxe3 33. Rxe3 Rb6 34. Rea3
Rc7 35. h4 f5 36. exf5 gxf5 37. Rf3 Kf6 38. Bh3 Rcb7 39. Bxf5 e4 40. Bxe4+ Ke5
41. Bxh7 Rxb5 42. Re3+ 1-0

[Event "21st World Senior Chess Championship"]
[Site "Rijeka"]
[Date "2011.11.18"]
[Round "4.18"]
[White "Hohler, Peter"]
[Black "Suba, Mihai"]
[Result "0-1"]
[WhiteElo "2193"]
[BlackElo "2458"]
[PlyCount "106"]
[EventDate "2011.11.18"]

1. d4 Nf6 2. c4 e6 3. Nf3 c5 4. d5 d6 5. Nc3 exd5 6. cxd5 g6 7. h3 a6 8. a4 Qe7
9. e3 Bg7 10. Bd3 O-O 11. O-O Nbd7 12. Re1 Ne8 13. e4 Ne5 14. Nxe5 Bxe5 15. f4
Bd4+ 16. Be3 Qh4 17. Qf3 f5 18. e5 dxe5 19. fxe5 Bxe5 20. Bxc5 Bd6 21. Bxd6
Nxd6 22. Ne2 Re8 23. Qf4 Qxf4 24. Nxf4 Bd7 25. a5 Kf7 26. Bc2 Kf6 27. Bb3 Rxe1+
28. Rxe1 Rc8 29. Nd3 Ne4 30. Rd1 Nc5 31. Nc1 Ke5 32. Ba2 Kd6 33. Ne2 Re8 34.
Nc3 Re3 35. Bc4 g5 36. Rd4 Re1+ 37. Kf2 Rc1 38. Be2 Rc2 39. h4 g4 40. Ke3 Rxb2
41. g3 h6 42. Nd1 Ra2 43. Rb4 Ke5 44. Nb2 Ra3+ 45. Kd2 Kxd5 46. Bc4+ Ke5 47.
Nd3+ Nxd3 48. Bxd3 Bc8 49. Rc4 Be6 50. Rb4 Rxa5 51. Rxb7 Ra2+ 52. Ke3 Rg2 53.
Bxa6 Rxg3+ 0-1

[Event "21st World Senior Chess Championship"]
[Site "Rijeka"]
[Date "2011.11.18"]
[Round "4.19"]
[White "Ivanets, Vladimir"]
[Black "Balashov, Yuri S"]
[Result "0-1"]
[WhiteElo "2192"]
[BlackElo "2443"]
[PlyCount "96"]
[EventDate "2011.11.18"]

1. Nf3 Nf6 2. b4 g6 3. Bb2 Bg7 4. e3 O-O 5. a3 b6 6. Be2 Bb7 7. O-O c5 8. b5 d5
9. a4 Nbd7 10. c4 e6 11. Qc2 Qc7 12. a5 Rac8 13. d3 dxc4 14. Qxc4 Bxf3 15. Bxf3
Ng4 16. Qxg4 Bxb2 17. Ra2 Bg7 18. Be2 Nf6 19. Qg3 Qd7 20. axb6 axb6 21. e4 Qxb5
22. Nd2 Qc6 23. h4 Ra8 24. Rxa8 Rxa8 25. h5 Nd7 26. Nf3 b5 27. Qh4 b4 28. Bd1
Qd6 29. Bc2 Bf6 30. Ng5 Bxg5 31. Qxg5 Kg7 32. Qc1 Qd4 33. g3 Ne5 34. Kg2 Ra2
35. Qd1 Qc3 36. Bb1 Rd2 37. Qc1 Qxc1 38. Rxc1 Ng4 39. Kf3 f5 40. exf5 exf5 41.
Rc2 Ne5+ 42. Ke3 Rxd3+ 43. Ke2 Rc3 44. Rxc3 bxc3 45. Ba2 c2 46. Kd2 Nd3 47.
Kxc2 Nb4+ 48. Kb3 Nxa2 0-1

[Event "21st World Senior Chess Championship"]
[Site "Rijeka"]
[Date "2011.11.18"]
[Round "4.20"]
[White "Montero Martinez, Cristhian"]
[Black "Trofimov, Sergey"]
[Result "1/2-1/2"]
[WhiteElo "2189"]
[BlackElo "2408"]
[PlyCount "65"]
[EventDate "2011.11.18"]

1. d4 Nf6 2. Nf3 e6 3. e3 b6 4. Bd3 c5 5. O-O cxd4 6. exd4 Be7 7. c4 Bb7 8. Nc3
O-O 9. d5 Re8 10. a3 h6 11. Bc2 Bf8 12. Re1 Na6 13. Bf4 Rc8 14. Be5 exd5 15.
cxd5 d6 16. Bd4 Rxe1+ 17. Nxe1 Nc7 18. Qd3 g6 19. Bb3 Bg7 20. Nf3 Qd7 21. h3
Kh7 22. Rd1 Qe7 23. Re1 Qf8 24. g4 Re8 25. Be3 Nd7 26. Nb5 Nxb5 27. Qxb5 Re7
28. Ba2 Nc5 29. b4 Ne4 30. Qd3 Nf6 31. Rc1 Qa8 32. Rd1 Qc8 33. Rc1 1/2-1/2

[Event "21st World Senior Chess Championship"]
[Site "Rijeka"]
[Date "2011.11.18"]
[Round "4.21"]
[White "Danner, Georg"]
[Black "Grabow, Pouelsten Holm"]
[Result "1-0"]
[WhiteElo "2406"]
[BlackElo "2181"]
[PlyCount "30"]
[EventDate "2011.11.18"]

1. d4 d5 2. Nf3 Nf6 3. c4 e6 4. e3 Be7 5. b3 O-O 6. Bd3 b6 7. O-O Bb7 8. Bb2 c5
9. cxd5 exd5 10. Nc3 Ba6 11. Rc1 Bxd3 12. Qxd3 Nbd7 13. Rfd1 Rc8 14. Ne2 Rc7
15. Nf4 Qa8 1-0

[Event "21st World Senior Chess Championship"]
[Site "Rijeka"]
[Date "2011.11.18"]
[Round "4.22"]
[White "Harestad, Thor Geir"]
[Black "Katalymov, Boris"]
[Result "1-0"]
[WhiteElo "2172"]
[BlackElo "2374"]
[PlyCount "100"]
[EventDate "2011.11.18"]

1. d4 c5 2. d5 e6 3. c4 exd5 4. cxd5 d6 5. Nc3 g6 6. e4 Nh6 7. Nf3 f6 8. Be2
Bg7 9. O-O O-O 10. Re1 a6 11. a4 b6 12. Nd2 Ra7 13. Nc4 Nf7 14. Ne3 Re7 15. Qc2
Nd7 16. Rb1 Nh6 17. Bd2 f5 18. exf5 Nxf5 19. Nxf5 Rxf5 20. Bg4 Rf8 21. Be6+ Kh8
22. Ne4 Nf6 23. Ng5 Bb7 24. Qd3 b5 25. axb5 axb5 26. Qxb5 h6 27. Nh3 Nxd5 28.
Qd3 Nb4 29. Bxb4 cxb4 30. Rbd1 d5 31. Bg4 Rfe8 32. Qd2 Re4 33. Rxe4 Rxe4 34.
Bf3 Rd4 35. Qc2 Rxd1+ 36. Bxd1 Qe7 37. Be2 g5 38. Kf1 Qe5 39. b3 g4 40. Ng1 Qc3
41. Qxc3 bxc3 42. Ke1 d4 43. Bd3 Bxg2 44. f3 h5 45. Kf2 Bh1 46. h3 Bh6 47. fxg4
Be3+ 48. Kf1 Bd5 49. Bc2 Bxg1 50. Kxg1 Bxb3 1-0

[Event "21st World Senior Chess Championship"]
[Site "Rijeka"]
[Date "2011.11.18"]
[Round "4.23"]
[White "Nickl, Klaus"]
[Black "Pritchett, Craig W"]
[Result "1/2-1/2"]
[WhiteElo "2172"]
[BlackElo "2343"]
[PlyCount "43"]
[EventDate "2011.11.18"]

1. d4 Nf6 2. Nf3 e6 3. e3 b6 4. Bd3 Bb7 5. Nbd2 c5 6. b3 Nc6 7. a3 cxd4 8. exd4
d5 9. O-O Be7 10. Bb2 O-O 11. Re1 a5 12. Qe2 a4 13. b4 Nb8 14. Ne5 Nbd7 15. f4
Bd6 16. Rad1 Qc8 17. Rc1 Qd8 18. Qf3 Ba6 19. c4 dxc4 20. Ndxc4 Bxe5 21. dxe5
Nd5 22. Be4 1/2-1/2

[Event "21st World Senior Chess Championship"]
[Site "Rijeka"]
[Date "2011.11.18"]
[Round "4.24"]
[White "Yasseen, Aly"]
[Black "Sawadkuhi, Massoud Amir"]
[Result "1-0"]
[WhiteElo "2342"]
[BlackElo "2168"]
[PlyCount "73"]
[EventDate "2011.11.18"]

1. e4 c5 2. Nf3 d6 3. d4 cxd4 4. Nxd4 Nf6 5. Nc3 Nc6 6. Bc4 e5 7. Nde2 Be6 8.
Bb3 Be7 9. Bg5 O-O 10. Qd2 Na5 11. Rd1 Nxb3 12. axb3 Ne8 13. Bxe7 Qxe7 14. Ng3
Rd8 15. O-O Nc7 16. Qe3 a6 17. Qb6 Na8 18. Qe3 Nc7 19. Rd2 b5 20. Qb6 Rd7 21.
Rfd1 Rfd8 22. Nf1 g6 23. Ne3 f5 24. Ned5 Bxd5 25. Nxd5 Nxd5 26. Rxd5 fxe4 27.
Qxa6 Qg5 28. Qxb5 e3 29. Qe2 exf2+ 30. Qxf2 Rf8 31. Qd2 Qf6 32. c4 Rdf7 33. h3
Qh4 34. Rxd6 Rf2 35. Qd5+ R8f7 36. Rd7 e4 37. Rxf7 1-0